[Event "4NCL Division 4 South"]
[Site "Daventry, ENG"]
[Date "2019.02.09"]
[Round "5.66"]
[White "Hirst, Joe"]
[Black "Dharmasena, Kian"]
[Result "1/2-1/2"]
[WhiteElo "1615"]
[BlackElo "1757"]
[PlyCount "137"]
[EventDate "2019.02.09"]
[WhiteTeam "Wood Green Youth"]
[BlackTeam "Poisoned Pawns - Next Generation"]

1. e4 e5 2. Nf3 Nc6 3. Bc4 Bc5 4. c3 Nf6 5. d4 exd4 6. e5 d5 7. Bb5 Ne4 8. cxd4
Bb4+ 9. Bd2 Nxd2 10. Nbxd2 O-O 11. a3 Be7 12. O-O a6 13. Bxc6 bxc6 14. Qc2 Bd7
15. Nb3 Qb8 16. Rab1 f6 17. Nc5 Bxc5 18. Qxc5 Qe8 19. Rfe1 Qg6 20. Rbc1 Bg4 21.
Rc3 Bxf3 22. Rxf3 fxe5 23. Rxf8+ Rxf8 24. dxe5 Re8 25. g3 Qh6 26. f4 Qe6 27.
Rc1 g5 28. Qxc6 Qxc6 29. Rxc6 gxf4 30. gxf4 Rf8 31. Rxc7 Rxf4 32. Rd7 Re4 33.
Rxd5 Kf7 34. Rd6 a5 35. Rd5 a4 36. Kf2 Ke6 37. Ra5 Rc4 38. Kf3 Rc2 39. Rxa4
Rxb2 40. h4 Kxe5 41. Rb4 Ra2 42. a4 Kf6 43. Ke3 Ke6 44. Kd4 Kd6 45. Rb6+ Kc7
46. Ra6 Kb7 47. Ra5 Kb6 48. Rb5+ Kc6 49. Rc5+ Kd6 50. Rc4 Ra3 51. Ke4 Ke6 52.
Rc6+ Kd7 53. Ra6 Kc7 54. Ra7+ Kb6 55. Rxh7 Rxa4+ 56. Kf5 Kc6 57. h5 Kd6 58. h6
Ra1 59. Rg7 Rf1+ 60. Kg6 Ke6 61. Kh7 Ra1 62. Kh8 Kf6 63. Rg8 Ra2 64. h7 Ra7 65.
Rc8 Kg6 66. Kg8 Rg7+ 67. Kh8 Rxh7+ 68. Kg8 Ra7 69. Rc6+ 1/2-1/2

[Event "4NCL Division 4 South"]
[Site "Daventry, ENG"]
[Date "2019.02.09"]
[Round "5.71"]
[White "Hurney, Kevin"]
[Black "Pink, Joshua"]
[Result "1/2-1/2"]
[WhiteElo "2057"]
[BlackElo "2020"]
[PlyCount "61"]
[EventDate "2019.02.09"]
[WhiteTeam "Shropshire 2"]
[BlackTeam "Throw in the Tal"]

1. e4 d6 2. d4 f5 3. Nc3 Nf6 4. Bd3 Nc6 5. Nge2 fxe4 6. Nxe4 Nxe4 7. Bxe4 d5 8.
Bd3 g6 9. c3 Bg7 10. Bg5 O-O 11. Qd2 Qd6 12. O-O e5 13. dxe5 Nxe5 14. Bf4 Bg4
15. f3 Bf5 16. Bxf5 Rxf5 17. Nd4 Rf7 18. Bg3 Nc4 19. Qf2 Be5 20. Bxe5 Nxe5 21.
Qg3 Re8 22. Rfe1 Rfe7 23. Re2 c5 24. Nb5 Qb6 25. Rae1 Qxb5 26. Rxe5 Rxe5 27.
Rxe5 Rxe5 28. Qxe5 Qd3 29. Qe8+ Kg7 30. Qe7+ Kg8 31. Qe8+ 1/2-1/2

[Event "4NCL Division 4 South"]
[Site "Daventry, ENG"]
[Date "2019.02.09"]
[Round "5.72"]
[White "Ireland, David J"]
[Black "Paul, Nathanael"]
[Result "1-0"]
[WhiteElo "2027"]
[BlackElo "2057"]
[PlyCount "87"]
[EventDate "2019.02.09"]
[WhiteTeam "Throw in the Tal"]
[BlackTeam "Shropshire 2"]

1. d4 d5 2. Bf4 Nf6 3. e3 c5 4. c3 Nc6 5. Nd2 e6 6. Ngf3 Bd6 7. Bg3 O-O 8. Bd3
cxd4 9. exd4 Qc7 10. Qe2 Re8 11. Ne5 Bxe5 12. dxe5 Nd7 13. Nf3 Nc5 14. Bxh7+
Kxh7 15. Ng5+ Kg8 16. Qh5 Ne4 17. Qh7+ Kf8 18. Qh8+ Ke7 19. Qxg7 Nxg5 $11 20.
Qxg5+ Kd7 21. Qf6 Qd8 22. Qxf7+ Re7 23. Qf4 b6 24. Bh4 Qh8 25. Bxe7 Kxe7 26.
Qg5+ Kf7 27. f4 Ba6 28. Qg3 Ne7 29. O-O-O Qh7 30. Qf3 Rc8 31. g4 Ke8 32. h4 Nc6
33. Rhe1 Nb4 34. f5 Qxh4 35. Kb1 Qh2 36. cxb4 Rc2 37. Qb3 Rg2 38. b5 Bb7 39.
Rc1 Rg3 40. Qb4 d4 41. Rc7 Be4+ 42. Ka1 Qh4 43. f6 Rc3 44. Qe7# 1-0

[Event "4NCL Division 4 South"]
[Site "Daventry, ENG"]
[Date "2019.02.09"]
[Round "5.73"]
[White "Bowcott-Terry, Finlay"]
[Black "Goodwin, Ed H"]
[Result "1-0"]
[WhiteElo "2050"]
[BlackElo "1877"]
[PlyCount "101"]
[EventDate "2019.02.09"]
[WhiteTeam "Shropshire 2"]
[BlackTeam "Throw in the Tal"]

1. e4 c5 2. Nf3 e6 3. d4 cxd4 4. Nxd4 a6 5. Nc3 Qc7 6. Be3 Nf6 7. f3 Bb4 8. Bd2
Bc5 9. Nb3 Ba7 10. Bg5 Nc6 11. Qd2 h6 12. Bxf6 gxf6 13. O-O-O Qb6 14. Kb1 Qe3
15. Re1 Qxd2 16. Nxd2 b5 17. Nd5 exd5 18. exd5+ Ne5 19. f4 d6 20. fxe5 fxe5 21.
Bd3 Rg8 22. g3 Ke7 23. c4 bxc4 24. Nxc4 Bb7 25. Be4 Rac8 26. Na5 Ba8 27. Rhf1
Bb6 28. Nc6+ Bxc6 29. dxc6 Rgd8 30. Bd5 f6 31. Rf5 Rb8 32. Ref1 Rf8 33. Rh5 Rh8
34. Rhf5 Rhf8 35. a4 a5 36. Kc2 Bc7 37. Rh5 Rh8 38. Rh4 Rb6 39. Rf5 Rb4 40.
Rxb4 axb4 41. Kb3 h5 42. Kxb4 h4 43. g4 Rb8+ 44. Ka3 Ba5 45. Rh5 Bb4+ 46. Ka2
Ba5 47. Rh7+ Kd8 48. Rd7+ Ke8 49. Rb7 Rc8 50. b4 Bc7 51. b5 1-0

[Event "4NCL Division 4 South"]
[Site "Daventry, ENG"]
[Date "2019.02.09"]
[Round "5.74"]
[White "Graff, Ben"]
[Black "Zdanowski, Adrian"]
[Result "1-0"]
[WhiteElo "1847"]
[BlackElo "2012"]
[PlyCount "47"]
[EventDate "2019.02.09"]
[WhiteTeam "Throw in the Tal"]
[BlackTeam "Shropshire 2"]

1. d4 g6 2. Bf4 Bg7 3. Nc3 c5 4. e3 cxd4 5. exd4 d6 6. Nf3 Nf6 7. Qd2 Bf5 8. h3
h5 9. Bd3 Bxd3 10. Qxd3 a6 11. O-O Nbd7 12. Rfe1 Nb6 13. Re2 Qd7 14. Rae1 e6
15. d5 e5 16. Bxe5 dxe5 17. Nxe5 Qc7 18. Nxg6+ Kd8 19. Nxh8 Bxh8 20. d6 Qc5 21.
Re7 Rc8 22. Rxf7 Nbd5 23. Rf8+ Kd7 24. Qf5+ 1-0

[Event "4NCL Division 4 South"]
[Site "Daventry, ENG"]
[Date "2019.02.09"]
[Round "5.75"]
[White "Bull, Philip"]
[Black "Davidson, Laura"]
[Result "1-0"]
[WhiteElo "1997"]
[BlackElo "1757"]
[PlyCount "109"]
[EventDate "2019.02.09"]
[WhiteTeam "Shropshire 2"]
[BlackTeam "Throw in the Tal"]

1. d4 Nf6 2. f4 e6 3. e3 c5 4. c3 Nc6 5. Bd3 d5 6. Nd2 Bd6 7. Qf3 Qc7 8. Nh3 c4
9. Bc2 b5 10. a3 a5 11. O-O Ne7 12. e4 dxe4 13. Nxe4 Nxe4 14. Bxe4 Rb8 15. Be3
Bb7 16. Ng5 Bxe4 17. Nxe4 Nf5 18. Bd2 Be7 19. g4 Nd6 20. Nc5 Qb6 21. Rae1 Nb7
22. Nxb7 Qxb7 23. Qxb7 Rxb7 24. f5 exf5 25. Rxf5 O-O 26. Ree5 Rfb8 27. Kf2 g6
28. Rf3 Bd6 29. Rd5 Bxh2 30. Rf6 Bc7 31. Rc6 Re8 32. Bh6 Bd8 33. Kf3 Be7 34.
Re5 Rbb8 35. Rc7 Bd6 36. Rxe8+ Rxe8 37. Rb7 Rb8 38. Ra7 a4 39. Ke4 Rd8 40. Rb7
Rb8 41. Rd7 Re8+ 42. Kd5 Be7 43. Kc6 g5 44. d5 Bxa3 45. bxa3 b4 46. cxb4 f6 47.
Rg7+ Kh8 48. Rc7 Kg8 49. d6 c3 50. Kb5 Rd8 51. Rg7+ Kh8 52. Rc7 Kg8 53. Rxc3
Rxd6 54. Rc7 Rd4 55. Rg7+ 1-0

[Event "4NCL Division 4 South"]
[Site "Daventry, ENG"]
[Date "2019.02.09"]
[Round "5.76"]
[White "Woolgar, Steven G"]
[Black "Jamieson, Ian"]
[Result "0-1"]
[WhiteElo "1652"]
[BlackElo "1967"]
[PlyCount "108"]
[EventDate "2019.02.09"]
[WhiteTeam "Throw in the Tal"]
[BlackTeam "Shropshire 2"]

1. c4 f5 2. Nf3 Nf6 3. Nc3 e6 4. g3 Be7 5. Bg2 O-O 6. O-O Qe8 7. d3 Qh5 8. e4
fxe4 9. dxe4 Nc6 10. Be3 e5 11. h4 d6 12. Nh2 Qxd1 13. Raxd1 Be6 14. b3 Ng4 15.
Nxg4 Bxg4 16. f3 Be6 17. Nd5 Bd8 18. Rd2 a5 19. a3 h6 20. c5 dxc5 21. Bxc5 Rf7
22. b4 axb4 23. axb4 g5 24. b5 Nd4 25. Bxd4 exd4 26. Rxd4 c6 27. bxc6 bxc6 28.
Ne3 Bb6 29. Rd3 Bc4 30. Rfd1 Bxd3 31. Rxd3 Ra1+ 32. Kh2 gxh4 33. gxh4 Bxe3 34.
Rxe3 Ra2 35. Kh3 Rg7 36. Bf1 Ra1 37. Bc4+ Kf8 38. Kh2 Rc1 39. Be6 Rc2+ 40. Kh3
Rgg2 41. f4 Rge2 42. Rf3 h5 43. Ra3 Ke7 44. Bf5 Kf6 45. Rd3 Red2 46. Ra3 Rb2
47. Rc3 c5 48. Bc8 c4 49. e5+ Ke7 50. Bf5 Rb3 51. Rxb3 cxb3 52. Kg3 b2 53. Be4
Re2 54. Kf3 Rxe4 0-1

[Event "4NCL Division 4 South"]
[Site "Daventry, ENG"]
[Date "2019.02.09"]
[Round "5.82"]
[White "Bowcott, Dustin"]
[Black "Adams, Mark"]
[Result "1/2-1/2"]
[WhiteElo "1892"]
[BlackElo "1971"]
[PlyCount "59"]
[EventDate "2019.02.09"]
[WhiteTeam "Shropshire 3"]
[BlackTeam "The Full Ponty"]

1. d4 Nf6 2. Bf4 c5 3. d5 d6 4. Nc3 g6 5. e4 Bg7 6. Qd2 a6 7. f3 h5 8. h4 b5 9.
Nh3 Bxh3 10. Rxh3 Nbd7 11. Nd1 Nb6 12. Ne3 Nfd7 13. c3 Qc7 14. Rc1 Ne5 15. b3
Rc8 16. c4 b4 17. Be2 a5 18. g4 Ra8 19. gxh5 Rxh5 20. Kf2 a4 21. Ng4 axb3 22.
axb3 Ra3 23. Bxe5 dxe5 24. Bd1 Rh8 25. Bc2 Qd7 26. Rch1 Qc7 27. Qg5 Rh5 28. Qd2
Kd7 29. Kg3 Rh8 30. Qg5 1/2-1/2

[Event "4NCL Division 4 South"]
[Site "Daventry, ENG"]
[Date "2019.02.09"]
[Round "5.83"]
[White "Hughes, Anthony"]
[Black "Lewis, Christopher D"]
[Result "1-0"]
[WhiteElo "1901"]
[BlackElo "1930"]
[PlyCount "73"]
[EventDate "2019.02.09"]
[WhiteTeam "The Full Ponty"]
[BlackTeam "Shropshire 3"]

1. d4 d5 2. Nf3 Nf6 3. c4 c6 4. e3 e6 5. Nc3 Be7 6. b3 O-O 7. Bd3 b6 8. O-O Bb7
9. Bb2 Nbd7 10. Qe2 c5 11. cxd5 Nxd5 12. Rac1 Bf6 13. Nxd5 exd5 14. Rfd1 cxd4
15. Bxd4 Bxd4 16. Nxd4 Nc5 17. Bb1 Qf6 $11 18. Qg4 Rac8 19. Qf5 Ne4 20. f3 Rxc1
21. Rxc1 Qxf5 22. Nxf5 Nc5 23. Rd1 Rd8 24. Kf2 g6 25. Nd4 Kf8 26. g4 Ke7 27. h4
Rc8 28. h5 Nd7 29. hxg6 hxg6 30. Rh1 Ba6 31. Rd1 Ne5 32. Kg3 Rc3 33. Kf4 Kd6
34. e4 Nd3+ 35. Bxd3 Bxd3 36. exd5 Kxd5 37. Ne2 1-0

[Event "4NCL Division 4 South"]
[Site "Daventry, ENG"]
[Date "2019.02.09"]
[Round "5.84"]
[White "Ross, Stuart"]
[Black "Perrett, David C"]
[Result "0-1"]
[WhiteElo "1727"]
[BlackElo "1931"]
[PlyCount "100"]
[EventDate "2019.02.09"]
[WhiteTeam "Shropshire 3"]
[BlackTeam "The Full Ponty"]

1. e4 Nf6 2. e5 Nd5 3. d4 d6 4. Nf3 g6 5. Bc4 c6 6. O-O Bg7 7. exd6 Qxd6 8. Re1
Bg4 9. Nbd2 O-O 10. h3 Bxf3 11. Nxf3 Nb6 12. Bb3 N8d7 13. c3 a5 14. a4 Rad8 15.
Bg5 Bf6 16. Bh6 Bg7 17. Qd2 c5 18. Bxg7 Kxg7 19. Qe3 cxd4 20. Nxd4 e5 21. Qg3
Qf6 22. Nf3 Rfe8 23. Ng5 Re7 24. Rad1 Rf8 25. Ne4 Qf4 26. Qxf4 exf4 27. Nd6
Rxe1+ 28. Rxe1 Nc5 29. Bc2 Rd8 30. b4 axb4 31. cxb4 Ncxa4 32. Nxb7 Rd4 33. Bxa4
Nxa4 34. Rb1 Nc3 35. Rb3 Nb5 36. Kf1 Kf6 37. Nc5 Ke5 38. Rf3 g5 39. g3 Rxb4 40.
Nd3+ Ke4 41. Nxb4 Kxf3 42. g4 Ke4 43. Nc6 f3 44. Ne7 Nd6 45. Ke1 f5 46. Ng8
fxg4 47. hxg4 Kf4 48. Nf6 h6 49. Ng8 Nf7 50. Nf6 Ne5 0-1

[Event "4NCL Division 4 South"]
[Site "Daventry, ENG"]
[Date "2019.02.09"]
[Round "5.85"]
[White "Goldrick, Thomas G"]
[Black "Tarr, Steve F"]
[Result "1/2-1/2"]
[WhiteElo "1872"]
[BlackElo "1757"]
[PlyCount "74"]
[EventDate "2019.02.09"]
[WhiteTeam "The Full Ponty"]
[BlackTeam "Shropshire 3"]

1. e4 c5 2. Nc3 g6 3. g3 Bg7 4. d3 Nc6 5. Bg2 Nf6 6. f4 d6 7. Nf3 Bg4 8. h3
Bxf3 9. Qxf3 Nd4 10. Qf2 Rb8 11. O-O O-O 12. Be3 b5 13. Nd1 Nd7 14. c3 Nc6 15.
d4 Qb6 16. dxc5 dxc5 17. e5 b4 18. b3 a5 19. Nb2 bxc3 20. Na4 Qb5 21. Nxc3 Qa6
22. Rac1 Rfc8 23. Rfd1 Qa7 24. Na4 Nb4 25. Nxc5 Nxc5 26. Rxc5 Rxc5 27. Bxc5 Qc7
28. Be3 e6 29. Qd2 Bf8 30. Rc1 Qd8 31. Rd1 Qc7 32. Qf2 Rd8 33. Rxd8 Qxd8 34.
Bf3 Qd3 35. Kg2 Nxa2 36. Bb6 Qxb3 37. Bxa5 Nb4 1/2-1/2

[Event "4NCL Division 4 South"]
[Site "Daventry, ENG"]
[Date "2019.02.09"]
[Round "5.86"]
[White "Morrison, Munroe L"]
[Black "Dixon, Chris"]
[Result "1/2-1/2"]
[WhiteElo "1675"]
[BlackElo "1761"]
[PlyCount "29"]
[EventDate "2019.02.09"]
[WhiteTeam "Shropshire 3"]
[BlackTeam "The Full Ponty"]

1. e4 e5 2. d4 exd4 3. Nf3 Bb4+ 4. c3 dxc3 5. Nxc3 d6 6. Bc4 Bxc3+ 7. bxc3 Nf6
8. O-O O-O 9. Re1 Nc6 10. Rb1 Bg4 11. Bg5 Ne5 12. Be2 Bxf3 13. gxf3 b6 14. f4
Ned7 15. Bc4 1/2-1/2

[Event "4NCL Division 4 South"]
[Site "Daventry, ENG"]
[Date "2019.02.09"]
[Round "5.91"]
[White "Gundry, Arran K"]
[Black "Elwin, Adrian G"]
[Result "1/2-1/2"]
[WhiteElo "1922"]
[BlackElo "1983"]
[PlyCount "21"]
[EventDate "2019.02.09"]
[WhiteTeam "Banbury Bulldogs"]
[BlackTeam "MK Phoenix 2"]

1. e4 c6 2. d4 d5 3. e5 Bf5 4. Nc3 Qb6 5. g4 Bd7 6. f4 e6 7. Rb1 c5 8. Be3 Nc6
9. Nf3 cxd4 10. Nxd4 Nxd4 11. Qxd4 1/2-1/2

[Event "4NCL Division 4 South"]
[Site "Daventry, ENG"]
[Date "2019.02.09"]
[Round "5.92"]
[White "Valentine, Brian J"]
[Black "Martin, Nick J"]
[Result "1-0"]
[WhiteElo "1950"]
[BlackElo "1815"]
[PlyCount "75"]
[EventDate "2019.02.09"]
[WhiteTeam "MK Phoenix 2"]
[BlackTeam "Banbury Bulldogs"]

1. e4 e6 2. d4 d5 3. Nc3 Bb4 4. e5 c5 5. a3 Bxc3+ 6. bxc3 Ne7 7. Qg4 Qc7 8.
Qxg7 Rg8 9. Qxh7 cxd4 10. Ne2 Nbc6 11. f4 dxc3 12. Qd3 d4 13. Ng3 Bd7 14. Ne4
O-O-O 15. Nd6+ Kb8 16. Rb1 b6 17. Nxf7 Rdf8 18. Nd6 Nf5 19. Nxf5 Rxf5 20. g3
Rxe5+ 21. fxe5 Nxe5 22. Qe2 d3 23. cxd3 c2 24. Rb4 Qc3+ 25. Kf2 Rf8+ 26. Rf4
Qd4+ 27. Ke1 Qc3+ 28. Qd2 Nf3+ 29. Rxf3 Qxd2+ 30. Kxd2 Rxf3 31. Kxc2 Rf2+ 32.
Kc3 Bc6 33. Rg1 Rxh2 34. d4 Be4 35. Bd3 Bd5 36. g4 Rh8 37. g5 Rh3 38. Rg3 1-0

[Event "4NCL Division 4 South"]
[Site "Daventry, ENG"]
[Date "2019.02.09"]
[Round "5.93"]
[White "Rowan, Daniel"]
[Black "Kendall, Paul S N"]
[Result "0-1"]
[WhiteElo "1813"]
[BlackElo "1963"]
[PlyCount "62"]
[EventDate "2019.02.09"]
[WhiteTeam "Banbury Bulldogs"]
[BlackTeam "MK Phoenix 2"]

1. d4 Nf6 2. c4 e6 3. g3 c5 4. d5 exd5 5. cxd5 d6 6. Nc3 Be7 7. Bg2 O-O 8. Nf3
h6 9. O-O Re8 10. Qc2 Na6 11. Re1 b5 12. e4 b4 13. Nb5 Qa5 14. e5 Qxb5 15. exf6
Bxf6 16. Bf4 Rxe1+ 17. Rxe1 Bb7 18. Nd2 Re8 19. Rxe8+ Qxe8 20. Bxd6 Bd4 21. Be4
Nb8 22. Nb3 f5 23. Bf3 Qe1+ 24. Kg2 Ba6 25. Qd1 Qxf2+ 26. Kh1 Nd7 27. Nxd4 cxd4
28. Bxb4 Ne5 29. Bg2 Nd3 30. Qa4 Nxb4 31. Qxb4 Bf1 0-1

[Event "4NCL Division 4 South"]
[Site "Daventry, ENG"]
[Date "2019.02.09"]
[Round "5.94"]
[White "Adebajo, Olufemi"]
[Black "Bowman, Kevin"]
[Result "1-0"]
[WhiteElo "1915"]
[BlackElo "1817"]
[PlyCount "48"]
[EventDate "2019.02.09"]
[WhiteTeam "MK Phoenix 2"]
[BlackTeam "Banbury Bulldogs"]

1. e4 b6 2. Nc3 e6 3. Nf3 Bb7 4. d4 d6 5. Bd3 g6 6. O-O Bg7 7. Bg5 Ne7 8. Qd2
O-O 9. Bh6 Nd7 10. Ne2 Re8 11. Bxg7 Kxg7 12. Ng3 e5 13. c3 Ng8 14. Rad1 Ngf6
15. Rfe1 a6 16. Qg5 b5 17. h4 Kh8 18. Bc2 Qe7 19. Qd2 Rad8 20. Ng5 h6 21. Nf3
Kg7 22. d5 Bc8 23. Nh2 Nh7 24. h5 g5 1-0

[Event "4NCL Division 4 South"]
[Site "Daventry, ENG"]
[Date "2019.02.09"]
[Round "5.95"]
[White "Hibbitt, Arthur M"]
[Black "Matthews, Adrian M S"]
[Result "1/2-1/2"]
[WhiteElo "1770"]
[BlackElo "1816"]
[PlyCount "51"]
[EventDate "2019.02.09"]
[WhiteTeam "Banbury Bulldogs"]
[BlackTeam "MK Phoenix 2"]

1. f4 Nf6 2. Nf3 g6 3. g3 Bg7 4. Bg2 d5 5. O-O c5 6. d3 O-O 7. c3 Nc6 8. Na3
Bf5 9. Nh4 e6 10. h3 h5 11. Qc2 c4 12. Nxf5 exf5 13. dxc4 d4 14. Rd1 Qb6 15.
Kh2 dxc3 16. bxc3 Rfe8 17. Rb1 Qf2 18. e3 Qxc2 19. Nxc2 Na5 20. Nd4 Ne4 21.
Bxe4 Rxe4 22. Rb5 Nxc4 23. Nc2 Re7 24. Rc5 Nb6 25. Nd4 Rd7 26. Re1 1/2-1/2

[Event "4NCL Division 4 South"]
[Site "Daventry, ENG"]
[Date "2019.02.09"]
[Round "5.96"]
[White "Miller, Max C"]
[Black "Rumsby, Stephen"]
[Result "0-1"]
[WhiteElo "1720"]
[BlackElo "1587"]
[PlyCount "64"]
[EventDate "2019.02.09"]
[WhiteTeam "MK Phoenix 2"]
[BlackTeam "Banbury Bulldogs"]

1. d4 Nf6 2. Nf3 g6 3. c4 Bg7 4. Nc3 d6 5. e4 O-O 6. h3 e5 7. d5 Nbd7 8. b4 a5
9. Ba3 b6 10. Be2 axb4 11. Bxb4 Nc5 12. Bxc5 bxc5 13. Qc2 Nh5 14. Ng1 Nf4 15.
g3 Nxe2 16. Ngxe2 f5 17. a4 f4 18. g4 Qh4 19. Nb5 Rf7 20. a5 Bxg4 21. a6 Bxe2
22. Qxe2 f3 23. Qc2 g5 24. a7 g4 25. O-O-O g3 26. fxg3 Qxg3 27. Rdg1 Qf4+ 28.
Kb1 f2 29. Rf1 Qg3 30. Qa2 Rf3 31. Nxc7 Rb3+ 32. Kc1 Bh6+ 0-1

[Event "4NCL Division 4 South"]
[Site "Daventry, ENG"]
[Date "2019.02.09"]
[Round "5.101"]
[White "Smith, Olivia"]
[Black "Gogia, Armaan"]
[Result "1-0"]
[WhiteElo "2110"]
[BlackElo "1982"]
[PlyCount "53"]
[EventDate "2019.02.09"]
[WhiteTeam "Fischer's Catch"]
[BlackTeam "Ashfield 2"]

1. Nf3 Nf6 2. g3 g6 3. Bg2 Bg7 4. O-O O-O 5. d3 c5 6. e4 d6 7. Nbd2 Nc6 8. a4
Bd7 9. Nc4 Ng4 10. c3 Be6 11. Ne3 Nce5 12. Nxe5 Nxe5 13. f4 Nc6 14. f5 Bd7 15.
Ng4 Ne5 16. Nh6+ Kh8 17. d4 cxd4 18. cxd4 Nc4 19. fxg6 fxg6 20. Nf7+ Rxf7 21.
Rxf7 Be6 22. Rxg7 Kxg7 23. b3 Na5 24. d5 Qb6+ 25. Kh1 Qxb3 26. Qd4+ Kg8 27. Bb2
1-0

[Event "4NCL Division 4 South"]
[Site "Daventry, ENG"]
[Date "2019.02.09"]
[Round "5.102"]
[White "Levens, David G"]
[Black "Staniforth, Matthew"]
[Result "0-1"]
[WhiteElo "1940"]
[BlackElo "1943"]
[PlyCount "46"]
[EventDate "2019.02.09"]
[WhiteTeam "Ashfield 2"]
[BlackTeam "Fischer's Catch"]

1. e4 e5 2. Nf3 Nc6 3. Bc4 Nf6 4. d4 exd4 5. e5 d5 6. exf6 dxc4 7. O-O gxf6 8.
Re1+ Be6 9. b3 c3 10. Re4 f5 11. Re2 Qd7 12. Bg5 Rg8 13. Qd3 Be7 14. Bxe7 Qxe7
15. a4 O-O-O 16. Na3 Nb4 17. Qxf5 Bxf5 18. Rxe7 Nxc2 19. Nxc2 Bxc2 20. Ne1 Bxb3
21. Nd3 Rge8 22. Rae1 Rxe7 23. Rxe7 Bc4 0-1

[Event "4NCL Division 4 South"]
[Site "Daventry, ENG"]
[Date "2019.02.09"]
[Round "5.104"]
[White "Graham, Neil"]
[Black "Chong, Kimberly"]
[Result "1/2-1/2"]
[WhiteElo "1825"]
[BlackElo "1720"]
[PlyCount "41"]
[EventDate "2019.02.09"]
[WhiteTeam "Ashfield 2"]
[BlackTeam "Fischer's Catch"]

1. d4 d5 2. e4 dxe4 3. Nc3 Nf6 4. f3 c6 5. fxe4 e5 6. dxe5 Qxd1+ 7. Nxd1 Nxe4
8. Be3 Be6 9. Bd3 Nc5 10. Nf2 Na4 11. b3 Bb4+ 12. Bd2 Bxd2+ 13. Kxd2 Nc5 14.
Nf3 Nbd7 15. Rad1 O-O-O 16. Kc1 Bd5 17. Rhe1 Rhe8 18. Be4 Nxe4 19. Nxe4 Bxe4
20. Rxe4 Nc5 21. Rf4 1/2-1/2

[Event "4NCL Division 4 South"]
[Site "Daventry, ENG"]
[Date "2019.02.09"]
[Round "5.105"]
[White "Roper, Paul"]
[Black "Hill, Maurice J"]
[Result "1-0"]
[WhiteElo "1623"]
[BlackElo "1810"]
[PlyCount "79"]
[EventDate "2019.02.09"]
[WhiteTeam "Fischer's Catch"]
[BlackTeam "Ashfield 2"]

1. e4 c5 2. Nc3 e6 3. f4 Nc6 4. Nf3 Be7 5. Bb5 Qc7 6. d3 a6 7. Bxc6 Qxc6 8. O-O
d6 9. Qe1 Nf6 10. e5 Nd5 11. Ne4 h6 12. Qg3 Bd7 13. exd6 Bxd6 14. Nxd6+ Qxd6
15. Qxg7 O-O-O 16. Ne5 Rdg8 17. Nc4 Qe7 18. Qxf7 Bc6 19. Qxe7 Nxe7 20. Rf2 Nf5
21. Ne5 Be8 22. b3 Rh7 23. Bb2 Kc7 24. Re1 h5 25. Rfe2 Nd4 26. Bxd4 cxd4 27.
Re4 Rhg7 28. R1e2 h4 29. Rxd4 Bh5 30. Rf2 b5 31. h3 Rc8 32. Nf3 Bxf3 33. Rxf3
Rcg8 34. Rf2 Rg3 35. Kf1 Re3 36. Re4 Rxe4 37. dxe4 Rd8 38. Ke2 Rd6 39. Kf3 b4
40. Kg4 1-0

[Event "4NCL Division 4 South"]
[Site "Daventry, ENG"]
[Date "2019.02.09"]
[Round "5.106"]
[White "Taylor, Robert P"]
[Black "Fraser, Susanna"]
[Result "0-1"]
[WhiteElo "1757"]
[BlackElo "1578"]
[PlyCount "64"]
[EventDate "2019.02.09"]
[WhiteTeam "Ashfield 2"]
[BlackTeam "Fischer's Catch"]

1. d4 d5 2. Nf3 Nf6 3. Bg5 Ne4 4. Bf4 c5 5. e3 Nc6 6. c3 Qb6 7. Qb3 c4 8. Qxb6
axb6 9. Na3 e5 10. Nb5 Ra5 11. Nc7+ Kd8 12. Nxe5 Nxe5 13. dxe5 g5 14. Nxd5 Rxd5
15. Bxc4 Rc5 16. Bxf7 gxf4 17. exf4 Rc7 18. Bh5 Rg8 19. Bf3 Nc5 20. Rd1+ Rd7
21. Bd5 Rgg7 22. f5 Kc7 23. f4 Rd8 24. f6 Rgd7 25. c4 Ne6 26. g3 b5 27. b3 bxc4
28. bxc4 b5 29. Ke2 bxc4 30. Bxc4 Rxd1 31. Rxd1 Nxf4+ 32. gxf4 Bg4+ 0-1

[Event "4NCL Division 4 South"]
[Site "Daventry, ENG"]
[Date "2019.02.09"]
[Round "5.111"]
[White "Cross, Mark"]
[Black "Wilks, Simon"]
[Result "0-1"]
[WhiteElo "1772"]
[BlackElo "2147"]
[PlyCount "50"]
[EventDate "2019.02.09"]
[WhiteTeam "Crowthorne 2"]
[BlackTeam "All Anands on Deck"]

1. d4 e6 2. e3 Nf6 3. Bd3 c5 4. c3 Nc6 5. f4 b6 6. Nd2 Bb7 7. Ngf3 Qc7 8. O-O
d6 9. Qe2 O-O-O 10. b3 e5 11. Bb2 Re8 12. fxe5 dxe5 13. dxe5 Nxe5 14. Bf5+ Kb8
15. h3 Nxf3+ 16. Nxf3 Nh5 17. Rfd1 Ng3 18. Qd3 Bxf3 19. gxf3 Nxf5 20. Qxf5 Qg3+
21. Kf1 Bd6 22. e4 Qh2 23. Bc1 Bg3 24. Be3 g6 25. Qxf7 Rhf8 0-1

[Event "4NCL Division 4 South"]
[Site "Daventry, ENG"]
[Date "2019.02.09"]
[Round "5.112"]
[White "Penna, Tommaso"]
[Black "Leadbetter, Scott"]
[Result "1-0"]
[WhiteElo "2004"]
[BlackElo "1757"]
[PlyCount "89"]
[EventDate "2019.02.09"]
[WhiteTeam "All Anands on Deck"]
[BlackTeam "Crowthorne 2"]

1. e4 e6 2. d4 b6 3. Nf3 Bb7 4. Bd3 d6 5. O-O Nd7 6. a4 a6 7. a5 c5 8. axb6
Qxb6 9. Nbd2 cxd4 10. Nc4 Qc7 11. Nxd4 Nc5 12. Re1 g6 13. Bd2 Bg7 14. Ba5 Qe7
15. c3 Nh6 16. f3 O-O 17. Bf1 f5 18. exf5 Nxf5 19. Nxf5 Rxf5 20. Qxd6 Qg5 21.
Qg3 Qf6 $11 22. Bb6 Rg5 23. Qf2 Nd7 24. Be3 Rd5 25. Na5 Bc8 26. Bc4 Rf5 27. Bd4
Ne5 28. Nc6 Nxf3+ 29. gxf3 Rg5+ 30. Kh1 Qf4 31. Ne7+ Kh8 32. Nxc8 Bxd4 33.
Qxd4+ Qxd4 34. cxd4 Rxc8 35. b3 Rf8 36. Re5 Rxe5 37. dxe5 Rxf3 38. Rxa6 h5 39.
Rxe6 Kg7 40. Kg2 Rf5 41. Rxg6+ Kxg6 42. Bd3 Kg5 43. Bxf5 Kxf5 44. Kg3 Kxe5 45.
Kh4 1-0

[Event "4NCL Division 4 South"]
[Site "Daventry, ENG"]
[Date "2019.02.09"]
[Round "5.113"]
[White "Upham, John E"]
[Black "Samadov, Samir"]
[Result "1/2-1/2"]
[WhiteElo "1630"]
[BlackElo "1769"]
[PlyCount "77"]
[EventDate "2019.02.09"]
[WhiteTeam "Crowthorne 2"]
[BlackTeam "All Anands on Deck"]

1. Nf3 d5 2. g3 Nf6 3. Bg2 Bf5 4. d3 e6 5. O-O Be7 6. Nbd2 O-O 7. Re1 Nc6 8. b3
Re8 9. Bb2 Bc5 10. e4 dxe4 11. dxe4 Bg6 12. a3 a6 13. Ne5 Nxe5 14. Bxe5 Qe7 15.
b4 Ba7 16. Qe2 Rac8 17. c4 Nd7 18. Bf4 $11 e5 19. Be3 Bxe3 20. Qxe3 c5 21. Bh3
cxb4 22. axb4 Rc7 23. c5 Nb8 24. Nc4 Nc6 25. Qc3 Nd4 26. Bg2 f6 27. Ne3 Bf7 28.
Nd5 Bxd5 29. exd5 Qd7 30. Qc4 $11 Rcc8 31. Rac1 Kf8 32. h4 Red8 33. Kh2 Ra8 34.
Re3 a5 35. bxa5 Rxa5 36. Rb1 Ra4 37. Qd3 Nf5 38. Re2 Rd4 39. Qa3 1/2-1/2

[Event "4NCL Division 4 South"]
[Site "Daventry, ENG"]
[Date "2019.02.09"]
[Round "5.114"]
[White "Divet, Antoine"]
[Black "Kirby, Andrew"]
[Result "0-1"]
[WhiteElo "1592"]
[BlackElo "1637"]
[PlyCount "102"]
[EventDate "2019.02.09"]
[WhiteTeam "All Anands on Deck"]
[BlackTeam "Crowthorne 2"]

1. e4 d5 2. exd5 Nf6 3. Bb5+ Bd7 4. Bc4 Bg4 5. Bb5+ Nbd7 6. Be2 Bxe2 7. Qxe2
Nxd5 8. d4 e6 9. Nf3 c5 10. O-O Be7 11. c4 N5f6 12. Nc3 O-O 13. Bf4 cxd4 14.
Nxd4 e5 15. Bxe5 Nxe5 16. Qxe5 Bd6 17. Qg5 Bxh2+ 18. Kxh2 Qxd4 19. Qb5 Qh4+ 20.
Kg1 Ng4 21. Rfe1 Qxf2+ 22. Kh1 Qh4+ 23. Kg1 Qh2+ 24. Kf1 Qh1+ 25. Ke2 Rfe8+ 26.
Kd2 Qxg2+ 27. Re2 Rad8+ 28. Kc2 Rxe2+ 29. Nxe2 Qxe2+ 30. Kb3 Qd3+ 31. Ka4 Qd7
32. Qxd7 Rxd7 33. Re1 g5 34. Rg1 h5 35. Rh1 h4 36. Rg1 f5 37. Kb5 Kf7 38. b4
Kf6 39. c5 Ne5 40. a4 g4 41. a5 h3 42. a6 bxa6+ 43. Kxa6 h2 44. Rh1 g3 45. Kb5
Rb7+ 46. Ka6 Rxb4 47. Kxa7 Ng4 48. Rd1 g2 49. c6 g1=Q+ 50. Rxg1 hxg1=Q+ 51. Ka8
Qa1# 0-1